सखासोबती (Record no. 426353)

MARC details
000 -LEADER
fixed length control field 00415nam a2200145Ia 4500
008 - FIXED-LENGTH DATA ELEMENTS--GENERAL INFORMATION
fixed length control field 100122s9999 xx 000 0 und d
082 ## - DEWEY DECIMAL CLASSIFICATION NUMBER
Item number 47536
Classification number 636.7
100 ## - MAIN ENTRY--PERSONAL NAME
Personal name देवरे प्र अ
245 ## - TITLE STATEMENT
Title सखासोबती
260 ## - PUBLICATION, DISTRIBUTION, ETC. (IMPRINT)
Name of publisher, distributor, etc उत्कर्ष प्रकाशन
Date of publication, distribution, etc 1992
300 ## - PHYSICAL DESCRIPTION
Extent 118
630 ## - SUBJECT ADDED ENTRY--UNIFORM TITLE
Uniform title सखासोबती
730 ## - ADDED ENTRY--UNIFORM TITLE
Uniform title सखासोबती
942 ## - ADDED ENTRY ELEMENTS (KOHA)
Koha item type Book
Holdings
Withdrawn status Lost status Damaged status Not for loan Home library Current library Date acquired Cost, normal purchase price Total Checkouts Full call number Barcode Date last seen Cost, replacement price Price effective from Koha item type Public note
        S.V. Pathak Library, Vile Parle S.V. Pathak Library, Vile Parle 02/22/1993 45.00   47536 SVPPARLE-47536 01/25/2010 45.00 01/25/2010 Book General NA